| 000 | 00708nam a22001937a 4500 | ||
|---|---|---|---|
| 008 | 130821t mx||||| |||| 00| 0 spa d | ||
| 020 | _a9501245195 | ||
| 050 | 0 | 4 |
_aH62 _bN57 2003 |
| 100 | 1 | _aNirenberg, Olga | |
| 245 | 1 | 0 |
_aProgramación y evaluación de proyectos sociales : _bAportes para la racionalidad y la transparencia _cOlga Nirenberg, Josette Brawerman, Violeta Ruiz. |
| 260 |
_aBuenos Aires, Argentina : _bPaidós _c2003 |
||
| 300 |
_a215 p. _c21 cm. |
||
| 440 | 0 |
_aTramas sociales _nNo. 19 |
|
| 504 |
_aIncluye bibliografia _bp.207-215 |
||
| 650 | 4 |
_aInvestigación-evaluación _xCiencias sociales |
|
| 700 | 1 | _aBrawerman, Josette, coaut. | |
| 700 | 1 | _aRuiz, Violeta, coaut. | |
| 942 |
_2ddc _cLIB |
||
| 999 |
_c40234 _d40234 |
||